000 00901cam a2200277 a 4500
001 7891
003 BD-RjUL
005 20211208234506.0
008 140116s1981 caua b 000 0 eng
020 _a0804710988
035 _a(BD-RjUL)7935
040 _aDLC
_cDLC
_dDLC
_dBD-RjUL
_beng
041 _aeng
082 0 0 _a401.9
_219
_bLIL 1981
100 1 _aLieberson, Stanley,
_924630
245 1 0 _aLanguage diversity and language contact :
_bessays /
_cStanley Lieberson ; selected and introduced by Anwar S. Dil.
260 _aStanford, Calif. :
_bStanford University Press,
_cc1981.
300 _axiv, 390 p. :
_bill. ;
_c23 cm.
504 _aIncludes bibliographies.
650 0 _aSociolinguistics.
_924631
650 0 _aAreal linguistics.
_924632
700 1 _aDil, Anwar S.
_920034
942 _2ddc
_cBK
999 _c7891
_d7891